01629nam a2200385 a 4500001001000000003000500010005001700015008004100032010001100073011001100084040000900095090001000104100004400114245019500158260004100353500006000394502008200454590004100536590003700577590004000614590004000654650002400694650003500718650002600753650003800779650002200817856001600839856007000855901000700925942001000932942000600942999001900948952013600967952014001103000109020CHAP20220329144034.0140328s2013 mx sm |||||||spa d a105482 a106454 cCHAP aTesis1 aBarrón Reséndiz, Jorge Luis912612610aProyecto de creación de una empresa social de servicios agrícolas para la producción rural en San José la Laja, Tequisquiapan, Qro.h[En línea]cpor Jorge Luis Barrón Reséndiz. aChapingo, Méx. :bEl autor,c2013. aPara ver el contenido del material haga clic en la liga aTesis (Ing. en Recursos Naturales Renovables) -- UACH. Departamento de Suelos aBATCH-UPDb05c20141002lUCH01h0859 aBATCHb00c20181121lUCH01h0758 aE6096MTMb05c20140328lUCH01h1139 aE6096MTMb05c20140328lUCH01h114014aAgricultores.9116914aEmpresas agropecuarias.93664914aLabranza cero.96430714aProyectosxFinanciamiento.99252614aServicios9105327 a1 n0000809 aFinding aiduhttp://10.13.5.2/tesis/sist109020.pdfzTeclea aquí aBK cTESIS n0 c105482d105482 00104054718TESISaBCbBCd2014-03-28fTESISl0oTesisp33724002381132r2019-12-31 00:00:00w2019-12-31yTESISzRecien adquirido 00102local4053708TESISaBCbBCcPA_TESISd2014-03-28fTESISl0oTesisp33724002381173r2019-12-31 00:00:00tc.2w2019-12-31yTESIS